5HLuxD.jpg

KING HENRY VIII SENIOR AND PRIMARY SCHOOL LIBRARY OPAC

The Fear/ (Record no. 1900)

000 -LEADER
fixed length control field 01198nam a22002177a 4500
005 - DATE AND TIME OF LATEST TRANSACTION
control field 20230215094115.0
008 - FIXED-LENGTH DATA ELEMENTS--GENERAL INFORMATION
fixed length control field 230215b ||||| |||| 00| 0 eng d
020 ## - INTERNATIONAL STANDARD BOOK NUMBER
International Standard Book Number 9780141325064
040 ## - CATALOGING SOURCE
Transcribing agency KH8
082 ## - DEWEY DECIMAL CLASSIFICATION NUMBER
Classification number FIC HIG
100 ## - MAIN ENTRY--PERSONAL NAME
Personal name Higson, Charlie
Relator term author
245 ## - TITLE STATEMENT
Title The Fear/
Statement of responsibility, etc. Charlie Higson
260 ## - PUBLICATION, DISTRIBUTION, ETC.
Place of publication, distribution, etc. London, England:
Name of publisher, distributor, etc. Penguin Books Ltd,
Date of publication, distribution, etc. 2012.
300 ## - PHYSICAL DESCRIPTION
Extent 459 p. :
Other physical details 20 cm.
440 ## - SERIES STATEMENT/ADDED ENTRY--TITLE
Title The Enemy;
Number of part/section of a work 3
520 ## - SUMMARY, ETC.
Summary, etc. He doesn't know it but dognut is about to set off a chain of events that will affect every kid in the city. The sickness struck everyone over the age of fourteen. Mothers and fathers, older brothers, sisters and best friends. No one escaped its touch. And now children across London are being hunted by ferocious grown-ups ... they're hungry. They're bloodthirsty. And they aren't giving up. DogNut and the rest of his crew want to find their lost friends, and set off on a deadly mission from the Tower of London to Buckingham Palace and beyond, as the sickos lie in wait. But who are their friends and who is the enemy in this changed world?
650 ## - SUBJECT ADDED ENTRY--TOPICAL TERM
Topical term or geographic name entry element Dystopian
Form subdivision Fiction
General subdivision Young Adult
650 ## - SUBJECT ADDED ENTRY--TOPICAL TERM
Topical term or geographic name entry element Zombies
650 ## - SUBJECT ADDED ENTRY--TOPICAL TERM
Topical term or geographic name entry element England
942 ## - ADDED ENTRY ELEMENTS (KOHA)
Source of classification or shelving scheme
Koha item type Books - Fiction
Holdings
Withdrawn status Lost status Source of classification or shelving scheme Damaged status Not for loan Collection code Permanent Location Current Location Shelving location Date acquired Full call number Barcode Date last seen Price effective from Koha item type
          Fiction KH8 Senior School Library KH8 Senior School Library Fiction 2023-02-15 FIC HIG 3KHSL000101970 2024-07-16 2023-02-15 Books - Fiction

Powered By KH8 IT Dept